Personnages d'anime (manga) en images - I - Statistiques

Statistiques générales
  • Ce quiz a été pris 249 fois
    244 depuis la dernière actualisation
  • Le résultat moyen est 5 sur 20
Statistiques - réponses
Par images Réponse % Correct
Inosuke Hashibira
86%
Iruka Umino
75%
Isaac Netero
67%
Izo
40%
Iggy
30%
Ikkaku Madarame
26%
Iris
25%
Ichiya Vandalay Kotobuki
24%
Izumi Curtis
22%
Ichigo
21%
Ikki Phoenix
20%
Itsuka Kendo
14%
Isao Kondo
5%
Izaya Orihara
5%
Ikuyo Kita
3%
Illyasviel von Einzbern
3%
Isami Toma
2%
Ichiko Oda
1%
Inkarmat
1%
Izayoi Sakamaki
1%
Aucun quiz correspondant
Distribution des résultats
% des personnes avec chaque résultat
Percentile par nombre de réponses
Votre historique - résultats
Vous n’avez pas pris ce quiz depuis la dernière actualisation